Design and analysis: A researcher's handbook

Na minha lista:
Detalhes bibliográficos
Autor principal: Geoffrey Keppel
Formato: Livro
Idioma:Undetermined
Publicado em: Englewood Cliffs, New Jersey Prentice-Hall 1982
Assuntos:
Tags: Adicionar Tag
Sem tags, seja o primeiro a adicionar uma tag!
Thư viện lưu trữ: Trung tâm Học liệu Trường Đại học Cần Thơ
LEADER 00585nam a2200181Ia 4500
001 CTU_42971
008 210402s9999 xx 000 0 und d
082 |a 300.72 
082 |b K26 
100 |a Geoffrey Keppel 
245 0 |a Design and analysis: A researcher's handbook 
245 0 |c Geoffrey Keppel 
260 |a Englewood Cliffs, New Jersey 
260 |b Prentice-Hall 
260 |c 1982 
650 |a factorial experiment design,social science - statistical methods,social sciences - research 
904 |i Minh, 010821 
980 |a Trung tâm Học liệu Trường Đại học Cần Thơ